<?xml version="1.0" encoding="UTF-8"?><?xml-stylesheet type="text/xsl" href="static/style.xsl"?><OAI-PMH xmlns="http://www.openarchives.org/OAI/2.0/" xmlns:xsi="http://www.w3.org/2001/XMLSchema-instance" xsi:schemaLocation="http://www.openarchives.org/OAI/2.0/ http://www.openarchives.org/OAI/2.0/OAI-PMH.xsd"><responseDate>2026-04-13T15:16:21Z</responseDate><request verb="GetRecord" identifier="oai:www.recercat.cat:11351/12950" metadataPrefix="marc">https://recercat.cat/oai/request</request><GetRecord><record><header><identifier>oai:recercat.cat:11351/12950</identifier><datestamp>2025-10-24T10:34:43Z</datestamp><setSpec>com_2072_378070</setSpec><setSpec>com_2072_378040</setSpec><setSpec>col_2072_378092</setSpec></header><metadata><record xmlns="http://www.loc.gov/MARC21/slim" xmlns:dcterms="http://purl.org/dc/terms/" xmlns:xsi="http://www.w3.org/2001/XMLSchema-instance" xmlns:doc="http://www.lyncode.com/xoai" xsi:schemaLocation="http://www.loc.gov/MARC21/slim http://www.loc.gov/standards/marcxml/schema/MARC21slim.xsd">
   <leader>00925njm 22002777a 4500</leader>
   <datafield ind2=" " ind1=" " tag="042">
      <subfield code="a">dc</subfield>
   </datafield>
   <datafield ind2=" " ind1=" " tag="720">
      <subfield code="a">Montaner Ramon, Alicia</subfield>
      <subfield code="e">author</subfield>
   </datafield>
   <datafield ind2=" " ind1=" " tag="720">
      <subfield code="a">Merayo Fernández, Laura</subfield>
      <subfield code="e">author</subfield>
   </datafield>
   <datafield ind2=" " ind1=" " tag="720">
      <subfield code="a">Cosmo García, Inmaculada</subfield>
      <subfield code="e">author</subfield>
   </datafield>
   <datafield ind2=" " ind1=" " tag="720">
      <subfield code="a">Carrillo Messa, Elena</subfield>
      <subfield code="e">author</subfield>
   </datafield>
   <datafield ind2=" " ind1=" " tag="720">
      <subfield code="a">Camba, Fatima</subfield>
      <subfield code="e">author</subfield>
   </datafield>
   <datafield ind2=" " ind1=" " tag="260">
      <subfield code="c">2025-04-14T08:18:46Z</subfield>
   </datafield>
   <datafield ind2=" " ind1=" " tag="260">
      <subfield code="c">2025-04-14T08:18:46Z</subfield>
   </datafield>
   <datafield ind2=" " ind1=" " tag="260">
      <subfield code="c">2025-03</subfield>
   </datafield>
   <datafield ind2=" " ind1=" " tag="520">
      <subfield code="a">Contacto piel con piel; Catéter umbilical; Cuidados intensivos neonatales</subfield>
   </datafield>
   <datafield ind2=" " ind1=" " tag="520">
      <subfield code="a">Skin-to-skin contact; Umbilical catheter; Neonatal intensive care</subfield>
   </datafield>
   <datafield ind2=" " ind1=" " tag="520">
      <subfield code="a">Contacte pell amb pell; Catèter umbilical; Cures intensives neonatals</subfield>
   </datafield>
   <datafield ind2=" " ind1=" " tag="520">
      <subfield code="a">Introducción&#xd;
El contacto piel con piel (CPP) en recién nacidos prematuros (RNPT) ofrece múltiples beneficios, pero su implementación puede retrasarse debido a la presencia de dispositivos, como los catéteres venosos umbilicales (CVU). El objetivo fue evaluar la práctica del CPP en RNPT en las unidades neonatales españolas y cómo el tipo de catéter afecta su inicio.&#xd;
Métodos&#xd;
Encuesta difundida a través de la Sociedad Española de Neonatología a las unidades neonatales españolas, analizando el momento de inicio del CPP y la influencia del tipo de dispositivos empleados.&#xd;
Resultados&#xd;
Se obtuvieron 74 respuestas de centros de las 17 comunidades autónomas, de los cuales el 67,6% atienden RNPT de cualquier edad gestacional o peso. El 39,2% de las unidades refiere iniciar el CPP en las primeras 24 h de vida (el 26% de las unidades que atienden a RNPT menores de 28 semanas o de 1.000 gramos).&#xd;
En el 86,5% de los centros la canalización de CVU en RNPT es un procedimiento habitual y el 59,5% señala que el tipo de catéter canalizado influye en el momento de inicio del CPP. En el 37,8% de las unidades se realiza CPP con CVU, mientras que en el resto o no se emplea o se hace de forma excepcional.&#xd;
Conclusión&#xd;
Existe gran variabilidad en el inicio de la práctica del CPP en RNPT en España y se detecta el uso del CVU como una posible barrera para su implementación temprana. La existencia de guías clínicas o protocolos podría ayudar a mejorar la asistencia al RNPT y a homogeneizar las prácticas en las distintas unidades.</subfield>
   </datafield>
   <datafield ind2=" " ind1=" " tag="520">
      <subfield code="a">Introduction&#xd;
Skin-to-skin contact (SSC) offers multiple benefits in preterm newborns (PTNBs), but its implementation can be delayed due to the presence of some devices such as umbilical venous catheters (UVCs). Our objective was to evaluate the practice of SSC in PTNBs in Spanish neonatal units and how the type of catheter affects its initiation.&#xd;
Methods&#xd;
We distributed a survey through the Sociedad Española de Neonatología to Spanish neonatal units, analyzing the timing of SSC initiation and the influence on this practice of the types of devices being used.&#xd;
Results&#xd;
We obtained a total of 74 responses from centers across all 17 autonomous communities in Spain, of which 67.6% admitted PTNBs of any gestational age or birth weight. In 39.2% of the units, SSC was initiated within the first 24 hours of life (26% in the case of units that admitted PTNBs born before 28 weeks and/or weighing less than 1000 grams).&#xd;
In 86.5% of the centers, UVC insertion in PTNBs was a routine procedure, and 59.5% reported that the type of inserted catheter affected the timing of SSC initiation. Skin-to-skin contact in infants carrying an UVC was performed in 37.8% of the units, but it was either not performed or rarely performed in the rest.&#xd;
Conclusion&#xd;
There is significant variability in the timing of SSC initiation in PTNBs in Spain, and the use of UVCs has been identified as a potential barrier to early implementation. The existence of clinical guidelines or protocols could help improve PTNB care and standardize practices across different units.</subfield>
   </datafield>
   <datafield ind1="8" ind2=" " tag="024">
      <subfield code="a">http://hdl.handle.net/11351/12950</subfield>
   </datafield>
   <datafield tag="653" ind2=" " ind1=" ">
      <subfield code="a">Enquestes</subfield>
   </datafield>
   <datafield tag="653" ind2=" " ind1=" ">
      <subfield code="a">Mares i fills</subfield>
   </datafield>
   <datafield tag="653" ind2=" " ind1=" ">
      <subfield code="a">Infants prematurs</subfield>
   </datafield>
   <datafield tag="653" ind2=" " ind1=" ">
      <subfield code="a">Cordó umbilical</subfield>
   </datafield>
   <datafield tag="653" ind2=" " ind1=" ">
      <subfield code="a">Catèters</subfield>
   </datafield>
   <datafield tag="653" ind2=" " ind1=" ">
      <subfield code="a">Medicina intensiva neonatal</subfield>
   </datafield>
   <datafield tag="653" ind2=" " ind1=" ">
      <subfield code="a">ANALYTICAL, DIAGNOSTIC AND THERAPEUTIC TECHNIQUES, AND EQUIPMENT::Therapeutics::Patient Care::Patient Positioning::Kangaroo-Mother Care Method</subfield>
   </datafield>
   <datafield tag="653" ind2=" " ind1=" ">
      <subfield code="a">ANALYTICAL, DIAGNOSTIC AND THERAPEUTIC TECHNIQUES, AND EQUIPMENT::Investigative Techniques::Epidemiologic Methods::Data Collection::Surveys and Questionnaires</subfield>
   </datafield>
   <datafield tag="653" ind2=" " ind1=" ">
      <subfield code="a">HEALTH CARE::Health Care Facilities, Manpower, and Services::Health Facilities::Hospital Units::Intensive Care Units::Intensive Care Units, Pediatric::Intensive Care Units, Neonatal</subfield>
   </datafield>
   <datafield tag="653" ind2=" " ind1=" ">
      <subfield code="a">NAMED GROUPS::Persons::Age Groups::Infant::Infant, Newborn::Infant, Premature</subfield>
   </datafield>
   <datafield tag="653" ind2=" " ind1=" ">
      <subfield code="a">ANATOMY::Embryonic Structures::Fetus::Umbilical Cord::Umbilical Veins</subfield>
   </datafield>
   <datafield tag="653" ind2=" " ind1=" ">
      <subfield code="a">ANALYTICAL, DIAGNOSTIC AND THERAPEUTIC TECHNIQUES, AND EQUIPMENT::Equipment and Supplies::Catheters</subfield>
   </datafield>
   <datafield tag="653" ind2=" " ind1=" ">
      <subfield code="a">TÉCNICAS Y EQUIPOS ANALÍTICOS, DIAGNÓSTICOS Y TERAPÉUTICOS::terapéutica::asistencia al paciente::posicionamiento del paciente::método de la madre canguro</subfield>
   </datafield>
   <datafield tag="653" ind2=" " ind1=" ">
      <subfield code="a">TÉCNICAS Y EQUIPOS ANALÍTICOS, DIAGNÓSTICOS Y TERAPÉUTICOS::técnicas de investigación::métodos epidemiológicos::recopilación de datos::encuestas y cuestionarios</subfield>
   </datafield>
   <datafield tag="653" ind2=" " ind1=" ">
      <subfield code="a">ATENCIÓN DE SALUD::instalaciones, servicios y personal de asistencia sanitaria::centros sanitarios::unidades hospitalarias::unidades de cuidados intensivos::unidades de cuidados intensivos pediátricos::unidades de cuidados intensivos neonatales</subfield>
   </datafield>
   <datafield tag="653" ind2=" " ind1=" ">
      <subfield code="a">DENOMINACIONES DE GRUPOS::personas::Grupos de Edad::lactante::recién nacido::recién nacido prematuro</subfield>
   </datafield>
   <datafield tag="653" ind2=" " ind1=" ">
      <subfield code="a">ANATOMÍA::estructuras embrionarias::feto::cordón umbilical::venas umbilicales</subfield>
   </datafield>
   <datafield tag="653" ind2=" " ind1=" ">
      <subfield code="a">TÉCNICAS Y EQUIPOS ANALÍTICOS, DIAGNÓSTICOS Y TERAPÉUTICOS::equipos y suministros::catéteres</subfield>
   </datafield>
   <datafield ind2="0" ind1="0" tag="245">
      <subfield code="a">Encuesta sobre la práctica del contacto piel con piel en las unidades neonatales españolas durante los primeros días de vida. Influencia de la presencia de catéteres umbilicales</subfield>
   </datafield>
   <datafield ind2="0" ind1="0" tag="245">
      <subfield code="a">Survey on the practice of skin-to-skin contact in Spanish neonatal units during the first days of life. Influence of the presence of umbilical catheters</subfield>
   </datafield>
</record></metadata></record></GetRecord></OAI-PMH>